San Agustín: sus normas de moral

Presentación en términos generales el desarrollo contemporáneo de la filosofía. Para ello presenta una serie de situaciones contextuales acompañado de una serie de problemas y corrientes filosóficas que van formando ese suelo de la filosofía contemporánea de la primera mitad del siglo XX. Consecuent...

全面介紹

Guardado en:
書目詳細資料
主要作者: Boyer, Carlos
格式: 圖書
語言:Undetermined
出版: Buenos Aires, Argentina Excelsa 1945
主題:
標簽: 添加標簽
沒有標簽, 成為第一個標記此記錄!

MARC

LEADER 00000nam a2200000Ia 4500
008 170316s9999 xx 000 0 und d
040 |a cru BVZT 
090 |a 100 B-56s 
100 |a Boyer, Carlos  |9 1928 
245 |a San Agustín: sus normas de moral  |c / Carlos Boyer 
260 |a Buenos Aires, Argentina  |b Excelsa  |c 1945 
300 |a 235 páginas 
520 |a Presentación en términos generales el desarrollo contemporáneo de la filosofía. Para ello presenta una serie de situaciones contextuales acompañado de una serie de problemas y corrientes filosóficas que van formando ese suelo de la filosofía contemporánea de la primera mitad del siglo XX. Consecuentemente, se presentan temas como el método fenomenológico, la sociología de la forma, el ser humano desde tres dimensiones: histórica, social y trascendental; el materialismo dialéctico y el existencialismo 
650 |a FILOSOFÍA  |9 5 
650 |a PATRíSTICA  |9 1929 
999 |c 15769  |d 15769 
942 |c 15 D  |h 100 B-56s  |2 z